[Event "Zilina-ch"]
[Site "Zilina"]
[Date "2014.05.10"]
[Round "2"]
[White "Kerak, Jozef"]
[Black "Kvassay, Peter"]
[Result "0-1"]
[WhiteElo "1667"]
[BlackElo "2045"]
[PlyCount "74"]
[EventDate "2014.05.09"]
[EventType "swiss"]
[EventRounds "6"]
[EventCountry "SVK"]
[SourceTitle "CBM 160 Extra"]
[Source "ChessBase"]
[SourceDate "2014.07.01"]
[SourceVersion "1"]
[SourceVersionDate "2014.07.01"]
[SourceQuality "1"]

1. e4 e5 2. Nf3 Nc6 3. Bc4 Bc5 4. c3 Nf6 5. d3 d6 6. a4 a6 7. b4 Ba7 8. Bg5 Ne7 9. Qb3 0-0 10. Bxf6 gxf6 11. Nh4 b5 12. axb5 axb5 13. Rxa7 Rxa7 14. Bxb5 c6 15. Bc4 d5 16. exd5 cxd5 17. Bb5 Qb6 18. c4 Be6 19. 0-0 Rb8 20. Nd2 Rba8 21. Kh1 Ra3 22. Qc2 Qd4 23. Nhf3 Qxd3 24. Qxd3 Rxd3 25. c5 Rc3 26. g3 Rb8 27. Be2 Rxb4 28. Ne1 Rb2 29. Nef3 Rxc5 30. Rd1 Rc3 31. Kg2 Bg4 32. h3 Bxf3+ 33. Kf1 Bxe2+ 34. Kxe2 Kg7 35. h4 e4 36. Ra1 Rcc2 37. Rd1 f5 0-1

[Event "Zilina op"]
[Site "Zilina"]
[Date "2013.09.01"]
[Round "7"]
[White "Kerak, Jozef"]
[Black "Sevcik, Lubomir"]
[Result "0-1"]
[WhiteElo "1673"]
[BlackElo "1784"]
[PlyCount "123"]
[EventDate "2013.08.29"]
[EventType "swiss"]
[EventRounds "7"]
[EventCountry "SVK"]
[SourceTitle "CBM 156 Extra"]
[Source "ChessBase"]
[SourceDate "2013.10.22"]
[SourceVersion "1"]
[SourceVersionDate "2013.10.22"]
[SourceQuality "1"]

1. e4 c6 2. d4 d5 3. e5 Bf5 4. Bd3 Bxd3 5. Qxd3 e6 6. Nf3 Qb6 7. b3 Nd7 8. 0-0 c5 9. Be3 cxd4 10. Bxd4 Bc5 11. c3 Ne7 12. Nbd2 Nf5 13. Rab1 Rc8 14. Rfc1 0-0 15. g4 Ne7 16. Ng5 Ng6 17. Ndf3 h6 18. Nh3 Rc6 19. g5 h5 20. Qe3 Ne7 21. b4 Bxd4 22. Nxd4 Rc4 23. Nf4 g6 24. Qd3 Nxe5 25. Qe2 Qd6 26. Nb5 Qb8 27. Nd4 Nf5 28. Re1 Nxd4 29. cxd4 Rxd4 30. Nxh5 gxh5 31. Qxe5 Qxe5 32. Rxe5 Rd2 33. Rb3 Kg7 34. a3 Rc8 35. g6 Kxg6 36. Rg3+ Kf6 37. Rxh5 d4 38. Rf3+ Ke7 39. Rh7 Rd1+ 40. Kg2 Rg8+ 41. Rg3 Rxg3+ 42. fxg3 e5 43. Kf3 Re1 44. Kf2 Re3 45. a4 e4 46. Rh4 Kd6 47. Rf4 Ke6 48. h4 f5 49. h5 Rc3 50. h6 Rc2+ 51. Kf1 Rh2 52. g4 Rxh6 53. gxf5+ Ke5 54. Rf2 Rf6 55. Ke2 Rxf5 56. Rh2 d3+ 57. Kd2 Kd4 58. Rh7 e3+ 59. Ke1 Rg5 60. Kf1 Kc3 61. Rh1 Kd2 62. Rh2+ 0-1

[Event "Zilina op"]
[Site "Zilina"]
[Date "2013.08.29"]
[Round "1"]
[White "Volna, Lukas"]
[Black "Kerak, Jozef"]
[Result "1-0"]
[WhiteElo "1809"]
[BlackElo "1673"]
[PlyCount "53"]
[EventDate "2013.08.29"]
[EventType "swiss"]
[EventRounds "7"]
[EventCountry "SVK"]
[SourceTitle "CBM 156 Extra"]
[Source "ChessBase"]
[SourceDate "2013.10.22"]
[SourceVersion "1"]
[SourceVersionDate "2013.10.22"]
[SourceQuality "1"]

1. e4 e5 2. Nc3 Bc5 3. Bc4 Nf6 4. d3 Nc6 5. Bg5 Bb4 6. Nge2 Nd4 7. 0-0 Nxe2+ 8. Nxe2 h6 9. Bh4 d6 10. c3 Bc5 11. a4 a5 12. Qb3 0-0 13. d4 Bb6 14. f4 exf4 15. Bxf6 Qxf6 16. Nxf4 Qg5 17. Rf2 Ba7 18. Raf1 c5 19. Ne2 Qe3 20. Kh1 cxd4 21. Rxf7 Rxf7 22. Bxf7+ Kh8 23. Nxd4 Bxd4 24. cxd4 Qxd4 25. Be8 Qxe4 26. Rf8+ Kh7 27. Qg8# 1-0

[Event "Zilina Region-ch"]
[Site "Zilina"]
[Date "2013.05.19"]
[Round "6"]
[White "Svabik, Jan"]
[Black "Kerak, Jozef"]
[Result "1/2-1/2"]
[WhiteElo "1691"]
[BlackElo "1686"]
[PlyCount "36"]
[EventDate "2013.05.17"]
[EventType "swiss"]
[EventRounds "6"]
[EventCountry "SVK"]
[SourceTitle "CBM 154 Extra"]
[Source "ChessBase"]
[SourceDate "2013.06.25"]
[SourceVersion "2"]
[SourceVersionDate "2013.06.25"]
[SourceQuality "1"]

1. e4 e5 2. Nf3 Nc6 3. a3 d6 4. Bc4 h6 5. c3 Bg4 6. d3 Nf6 7. Be3 Be7 8. Qb3 0-0 9. Nbd2 Na5 10. Qa2 Nxc4 11. Qxc4 c6 12. Qb3 b6 13. h3 Bxf3 14. Nxf3 c5 15. Nh4 c4 16. Qxc4 d5 17. exd5 Nxd5 18. Nf5 Nxe3 1/2-1/2

[Event "Zilina Region-ch"]
[Site "Zilina"]
[Date "2012.05.05"]
[Round "3"]
[White "Janik, Miroslav"]
[Black "Kerak, Jozef"]
[Result "1/2-1/2"]
[WhiteElo "1939"]
[BlackElo "1731"]
[PlyCount "92"]
[EventDate "2012.05.04"]
[EventType "swiss"]
[EventRounds "7"]
[EventCountry "SVK"]
[SourceTitle "CBM 148 Extra"]
[Source "ChessBase"]
[SourceDate "2012.06.22"]
[SourceVersion "1"]
[SourceVersionDate "2012.06.22"]
[SourceQuality "1"]

1. e4 e5 2. Nf3 Nc6 3. Bb5 Nge7 4. 0-0 d6 5. d4 exd4 6. Nxd4 Bd7 7. Nc3 Nxd4 8. Bxd7+ Qxd7 9. Qxd4 Nc6 10. Qd1 Be7 11. Nd5 0-0 12. b3 Ne5 13. f4 Ng6 14. f5 Ne5 15. f6 Bxf6 16. Nxf6+ gxf6 17. Rxf6 Rae8 18. Qh5 Qg4 19. Qxg4+ Nxg4 20. Rf4 Ne5 21. Bb2 Re6 22. Raf1 Ng6 23. Rg4 Rfe8 24. e5 dxe5 25. h4 Kf8 26. h5 Ne7 27. Re4 Nc6 28. g4 Kg7 29. b4 f6 30. b5 Ne7 31. c4 h6 32. Rd1 Nc8 33. c5 a6 34. Rd7+ R6e7 35. c6 bxc6 36. bxc6 Nb6 37. Rd3 Re6 38. Ra3 Rxc6 39. Rxa6 Rc4 40. Rxc4 Nxc4 41. Bc1 Rd8 42. Kf2 Rd1 43. Be3 Rd7 44. Rc6 Nxe3 45. Kxe3 Kf7 46. a4 Rd4 1/2-1/2

[Event "Zilina Region-ch"]
[Site "Zilina"]
[Date "2012.05.05"]
[Round "2"]
[White "Kerak, Jozef"]
[Black "Bechny, Vladimir"]
[Result "1-0"]
[WhiteElo "1731"]
[BlackElo "1319"]
[PlyCount "93"]
[EventDate "2012.05.04"]
[EventType "swiss"]
[EventRounds "7"]
[EventCountry "SVK"]
[SourceTitle "CBM 148 Extra"]
[Source "ChessBase"]
[SourceDate "2012.06.22"]
[SourceVersion "1"]
[SourceVersionDate "2012.06.22"]
[SourceQuality "1"]

1. e4 e5 2. Nf3 Nc6 3. Bc4 Nf6 4. Ng5 d5 5. exd5 Nxd5 6. Nxf7 Kxf7 7. Qf3+ Ke6 8. Nc3 Nd4 9. Bxd5+ Kd6 10. Qd3 Bf5 11. Be4 Bxe4 12. Nxe4+ Ke6 13. 0-0 Be7 14. f4 Rf8 15. Qh3+ Kd5 16. Qd3 Bd6 17. c3 Bc5 18. b4 Bb6 19. Bb2 Ke6 20. cxd4 Bxd4+ 21. Bxd4 Qxd4+ 22. Qxd4 exd4 23. Ng5+ Kf5 24. Nxh7 Rh8 25. Ng5 Rh4 26. Rac1 c6 27. Nf3 Rxf4 28. Nxd4+ Ke4 29. Rxf4+ Kxf4 30. Ne6+ Ke5 31. Nxg7 Rd8 32. Rc2 Rd4 33. Rb2 Ke4 34. h4 Kf4 35. Ne6+ Ke5 36. Nxd4 Kxd4 37. h5 Ke5 38. h6 Kf6 39. Kf2 Kg6 40. b5 cxb5 41. Rxb5 b6 42. Rh5 Kh7 43. g4 b5 44. g5 Kh8 45. g6 b4 46. Rb5 a6 47. Rb8# 1-0

[Event "Zilina Region-ch"]
[Site "Zilina"]
[Date "2012.05.05"]
[Round "4"]
[White "Kerak, Jozef"]
[Black "Paluch, Stefan"]
[Result "0-1"]
[WhiteElo "1731"]
[BlackElo "1921"]
[PlyCount "78"]
[EventDate "2012.05.04"]
[EventType "swiss"]
[EventRounds "7"]
[EventCountry "SVK"]
[SourceTitle "CBM 148 Extra"]
[Source "ChessBase"]
[SourceDate "2012.06.22"]
[SourceVersion "1"]
[SourceVersionDate "2012.06.22"]
[SourceQuality "1"]

1. e4 c5 2. f4 d6 3. Nf3 Nf6 4. Nc3 e6 5. d4 cxd4 6. Nxd4 Be7 7. Bd3 0-0 8. Be3 Bd7 9. 0-0 a6 10. e5 Ne8 11. f5 dxe5 12. fxe6 exd4 13. exf7+ Kh8 14. Qh5 Bf5 15. Qxf5 g6 16. Qh3 Nf6 17. Bg5 Rxf7 18. Bxg6 Rg7 19. Bxf6 Bxf6 20. Bxh7 Rxh7 21. Qe6 Bg7 22. Ne4 Nd7 23. Rf7 Nf8 24. Qf5 Qh4 25. h3 Rh5 26. Qf3 Ng6 27. Rxb7 Rf8 28. Rf7 Rxf7 29. Qxf7 Qxe4 30. Rf1 Rg5 31. Rf2 Nh4 32. g4 Qe3 33. Qd7 Qg3+ 34. Kf1 Qxh3+ 35. Ke1 Qe3+ 36. Kd1 Qxf2 37. Qd8+ Kh7 38. Qxg5 Qf6 39. Qh5+ Bh6 0-1

[Event "SVK-chT2 9798"]
[Site "Slovakia"]
[Date "1998.??.??"]
[Round "?"]
[White "Nika, Ondrej"]
[Black "Kerak, Jozef"]
[Result "0-1"]
[WhiteElo "1700"]
[BlackElo "1845"]
[PlyCount "82"]
[EventDate "1997.??.??"]
[EventType "team"]
[EventRounds "11"]
[EventCountry "SVK"]
[SourceTitle "EXT 2003"]
[Source "ChessBase"]
[SourceDate "2002.11.25"]
[SourceVersion "1"]
[SourceVersionDate "2002.11.25"]
[SourceQuality "1"]

1. c4 Nf6 2. d4 e6 3. Bg5 d5 4. e3 Be7 5. Nc3 0-0 6. Bxf6 Bxf6 7. Nf3 c6 8. c5 Nd7 9. Be2 e5 10. 0-0 e4 11. Nd2 Be7 12. Ndxe4 dxe4 13. Nxe4 Nf6 14. Ng3 Nd5 15. a3 f5 16. Bc4 Kh8 17. Ne2 Rf6 18. Bxd5 Qxd5 19. Nf4 Qf7 20. d5 Bxc5 21. Rc1 Be7 22. dxc6 Rxc6 23. Qf3 Bd7 24. Rcd1 Bd6 25. Rd2 Bxf4 26. Qxf4 Rac8 27. Rfd1 Rc1 28. h3 Rxd1+ 29. Rxd1 Bc6 30. Qh4 h6 31. Kh2 Qc7+ 32. Kg1 Qe5 33. Rd8+ Rxd8 34. Qxd8+ Kh7 35. Qd2 Qd5 36. Qxd5 Bxd5 37. f3 Kg6 38. Kf2 Kf6 39. f4 g5 40. g3 h5 41. h4 g4 0-1